[Event "Foxwoods op 03rd"]
[Site "Connecticut"]
[Date "2001.04.14"]
[Round "4"]
[White "Sheppard, Martin Graham"]
[Black "Paschall, William M"]
[Result "0-1"]
[WhiteElo "2109"]
[BlackElo "2370"]
[PlyCount "116"]
[EventDate "2001.04.12"]
[EventType "swiss"]
[EventRounds "7"]
[EventCountry "USA"]
[SourceTitle "CBM 081 Extra"]
[Source "ChessBase"]
[SourceDate "2001.05.06"]
[SourceVersion "1"]
[SourceVersionDate "2001.05.06"]
[SourceQuality "1"]

1. Nf3 Nf6 2. b3 c5 3. Bb2 d5 4. e3 a6 5. d4 cxd4 6. exd4 Bg4 7. Bd3 Nc6 8. a3 e6 9. Nbd2 Be7 10. 0-0 b5 11. Qe1 Qb6 12. Qe3 0-0 13. b4 Rfc8 14. Qf4 Bh5 15. Nb3 Bg6 16. Bxg6 hxg6 17. Nc5 a5 18. Bc3 Qb8 19. Ne5 Nxe5 20. dxe5 Bxc5 21. bxc5 Ne4 22. Bd4 Qc7 23. Rab1 Nxc5 24. Rxb5 Ne4 25. Rfb1 Nc3 26. Bxc3 Qxc3 27. Rb7 Rf8 28. h3 Qxc2 29. R1b3 Rac8 30. Qe3 a4 31. Rb2 Qc1+ 32. Qxc1 Rxc1+ 33. Kh2 Ra1 34. R2b4 Rxa3 35. Ra7 Ra2 36. Kg3 Re2 37. f4 g5 38. Kf3 Re1 39. Kf2 Ra1 40. fxg5 Ra2+ 41. Kg3 g6 42. Rbxa4 Re2 43. Kf4 Rxg2 44. Ra2 Rxa2 45. Rxa2 Rb8 46. Re2 Rb4+ 47. Kg3 Kf8 48. Kf3 Ke7 49. Kg3 Rb1 50. Kg2 Rb3 51. h4 Rd3 52. Kh2 Rd4 53. Kg3 Re4 54. Rb2 Rxe5 55. Rb7+ Kf8 56. Rb8+ Kg7 57. Rb7 Rf5 58. Rb8 d4 0-1